LEADER 00894cam0-22003371i-450- 001 990003923230403321 005 20051102145138.0 035 $a000392323 035 $aFED01000392323 035 $a(Aleph)000392323FED01 035 $a000392323 100 $a20030910d1943----km-y0itay50------ba 101 0 $aita 102 $aIT 105 $ay-------001yy 200 1 $aLezioni di economia politica$fPasquale Jannaccone 205 $a1943 210 $aTorino$cGiappichelli$d1943 215 $a351 p.$d26 cm 676 $a20$zita 700 1$aJannaccone,$bPasquale$f<1872-1959>$016892 801 0$aIT$bUNINA$gRICA$2UNIMARC 901 $aBK 912 $a990003923230403321 952 $aXV B 231$b26448$fFGBC 952 $aXV B 300$bs.i.$fFGBC 952 $aD0.17$b1766$fDECTS 959 $aDECTS 959 $aFGBC 996 $aLezioni di economia politica$9460922 997 $aUNINA LEADER 01131nam a2200349 i 4500 001 991000767119707536 005 20020507173328.0 008 931202s1986 uk ||| | eng 020 $a0582988969 035 $ab1075443x-39ule_inst 035 $aLE01302014$9ExL 040 $aDip.to Matematica$beng 082 0 $a515.223 084 $aAMS 46L 084 $aAMS 46L05 084 $aAMS 47A20 084 $aAMS 47C15 084 $aQA331 100 1 $aPaulsen, Vern I$067380 245 10$aCompletetely bounded maps and dilations /$cVern I Paulsen 260 $aHarlow :$bLongman,$c1986 300 $a187 p. ;$c24 cm. 490 0 $aPitman research notes in mathematics series, ISSN 02693674 ;$v146 650 4$aC*-algebras 650 4$aDilations 650 4$aSpectral theory 907 $a.b1075443x$b23-02-17$c28-06-02 912 $a991000767119707536 945 $aLE013 46L PAU11 (1986)$g1$i2013000130248$lle013$o-$pE0.00$q-$rl$s- $t0$u0$v0$w0$x0$y.i10848563$z28-06-02 996 $aCompletetely bounded maps and dilations$9911267 997 $aUNISALENTO 998 $ale013$b01-01-93$cm$da $e-$feng$guk $h0$i1 LEADER 01239nam a22002651i 4500 001 991002703829707536 005 20030730152216.0 008 030925s1993 be |||||||||||||||||fre 020 $a2260672604 (Relié) 035 $ab1232694x-39ule_inst 035 $aARCHE-037448$9ExL 040 $aBiblioteca Interfacoltà$bita$cA.t.i. Arché s.c.r.l. Pandora Sicilia s.r.l. 082 04$a780.9 100 1 $aVendrix, Philippe$0173668 245 10$aAux origines d'une discipline historique :$bla musique et son histoire en France aux XVIIe et XVIIIe siècles /$cPhilippe Vendrix 260 $aLiège :$bBibliothèque de la Faculté de philosophie et lettres de l'Université de Liège ;$aGenève :$bDiffusion Librairie Droz,$c1993 300 $a432 p. ;$c25 cm 440 0$aBibliothèque de la Faculté de philosophie et lettres de l'Universitâe de Liège ;$v260 650 4$aMusica$xFrancia$xSec. 17.-18. 907 $a.b1232694x$b02-04-14$c08-10-03 912 $a991002703829707536 945 $aLE002 Fr. VII L 11$g1$i2002000029072$lle002$o-$pE0.00$q-$rl$s- $t0$u0$v0$w0$x0$y.i12726357$z08-10-03 996 $aAux origines d'une discipline historique$9161161 997 $aUNISALENTO 998 $ale002$b08-10-03$cm$da $e-$ffre$gbe $h0$i1